000 00569nam a2200205Ia 4500
005 20250508150823.0
008 008 250505s9999 xx 000 0 eng d
037 _aTextBook
040 _aFEDL
_beng
_cFEDL
041 _aeng
_2eng
084 _a330, GHO/R
_qFEDL
100 _aGhosh Prafulla Chandra
_9634168
245 0 _aElementary economics
260 _aCalcutta, India
_bOrient Longmans Limited
_c1951
300 _axx,286p
365 _aINR
_b5
650 _aEconomics-Theory
_9280645
942 _cTB
_h330, GHO/R
999 _c1325866
_d1325866